Estatísticas para Maiores Metrópoles Brasileiras

Clique aqui para jogar o quiz

Estatísticas Gerais

  • Esse quiz foi jogado 90 vezes
  • A pontuação média é 18 de 23

Estatísticas das Respostas

HintResposta% Correto
12,7MRio de Janeiro
100%
21,8MSão Paulo
100%
5,24MBelo Horizonte
95%
2,21MManaus
95%
3,80MSalvador
93%
4,08MRecife
92%
3,50MCuritiba
91%
3,99MPorto Alegre
91%
2,25MBelém
89%
3,66MFortaleza
89%
2,19MCampinas
88%
1,07MFlorianópolis
88%
4,04MBrasília
87%
2,53MGoiânia
84%
1,87MVitória
82%
1,37MNatal
75%
1,17MJoão Pessoa
72%
1,22MMaceió
70%
1,07MAracaju
66%
1,44MSão Luís
66%
1,03MTeresina
62%
1,74MBaixada Santista
43%
1,62MSão José dos Campos
29%

Distribuição das Pontuações

Percentil de Números Respondidos

Porcentagem de Pessoas com Cada Pontuação

Sua Pontuação Histórica

Você não jogou esse quiz